| 000 | 00879nam a22002657a 4500 | ||
|---|---|---|---|
| 010 | _aBAC-EN21 ENG-111728 | ||
| 020 |
_a9788121902816 _c760.00 |
||
| 020 |
_a8121902819 _c760.00 |
||
| 035 | _aEN-95260 | ||
| 035 | _aB-592153-173 | ||
| 037 |
_bUBH/Ven _adpl |
||
| 037 | _bDBAD/PUB | ||
| 082 | _a003 | ||
| 100 | _aGupta, Prem Kumar | ||
| 245 |
_aOperations research/ _cby Prem Kumar Gupta [and] D.S. Hira |
||
| 250 | _arev. ed. | ||
| 260 |
_aNew Delhi _bS. Chand _c2014(repr.) |
||
| 270 |
_a7361, Ram Nagar, _bNew Delhi _e110055 |
||
| 300 |
_axii,1498p. : _c24cm(pbk) _bill. |
||
| 500 | _aIncludes bibliographical references and index | ||
| 500 | _aSupply received revised price Rs. 850.00 | ||
| 700 | _aHira, D.S. | ||
| 942 |
_2ddc _cEN _mGUP _h003 |
||
| 999 |
_c89074 _d89074 |
||